Madame Bovary

Saved in:
Bibliografiske detaljer
Hovedforfatter: Flaubert, Gustave (Author)
Format: Bog
Sprog:spansk
Udgivet: Santiago Andrés Bello 1993
Udgivelse:1a. ed
Fag:
Tags: Tilføj Tag
Ingen Tags, Vær først til at tagge denne postø!

MARC

LEADER 00000nam a2200000 a 4500
001 UCH6734
003 CL-VaPUC
008 091109e19930000CL |||||||||||||||||spa|d
020 |a 9561310910 
082 0 4 |a 843  |b FLA  |2 21 
100 0 |a Flaubert, Gustave  |e author  |9 316219 
245 1 0 |a Madame Bovary 
250 |a 1a. ed 
300 |a 406 p 
942 |c BK 
945 |d 20091109 00:00:00  |a lazolas 
260 |a Santiago  |b Andrés Bello  |c 1993 
650 0 |a Novela francesa  |9 264985 
583 |a last modification  |c 20091109 00:00:00  |k Rodrigo Vera 
999 |c 337566  |d 337564